00393nam a2200145 a 450000500170000000800410001702000150005805000250007310000210009824500140011926000610013330000070019444000330020165000130023420140414132135.0140221s19uu xx 00 eng d a9781426525 aREF 599.53bSt3 2010 aStewart, Melissa aDolphins. aWashington, D.C :bNational Geographic for Kids,cc2010. a30 aNational Geographic for Kids aDolphins